Add Colours to Flags - Tile Select - Statistics

General Stats
  • This quiz has been taken 391 times
  • The average score is 58 of 64
Answer Stats
Question Tile Select % Correct
red Yes
100%
red No
99%
red No
99%
red Yes
99%
red No
99%
red Yes
98%
red No
98%
red Yes
96%
green Yes
96%
green No
96%
green No
96%
green No
96%
green No
96%
green No
96%
green No
96%
yellow No
96%
yellow No
96%
green No
95%
green No
95%
green Yes
95%
green No
95%
green No
95%
yellow No
95%
yellow No
95%
blue No
95%
blue No
95%
blue No
95%
blue No
95%
blue No
95%
red Yes
94%
green Yes
94%
blue Yes
94%
red Yes
93%
blue No
93%
yellow Yes
92%
yellow Yes
92%
yellow Yes
92%
yellow No
91%
yellow Yes
91%
yellow Yes
91%
blue Yes
91%
green No
90%
yellow Yes
90%
blue Yes
90%
red Yes
88%
green Yes
88%
blue Yes
88%
red Yes
87%
red Yes
87%
yellow Yes
87%
yellow Yes
86%
blue Yes
86%
yellow Yes
85%
green Yes
84%
red Yes
82%
yellow Yes
81%
blue Yes
81%
red No
77%
blue Yes
76%
blue Yes
75%
blue Yes
71%
yellow Yes
67%
blue Yes
62%
red Yes
58%
No matching quizzes found
Score Distribution
Percent of People with Each Score
Percentile by Number Answered
Your Score History
You have not taken this quiz